000 01093nam a2200265Ia 4500
003 Ost
005 20260507075102.0
008 260507s9999||||xx |||||||||||||| ||und||
020 _a352279977
040 _cfsecg
041 _aara
082 _a341.79
100 _aشركة مركز القرار للاستشارات
_eمؤلف
245 0 _aمهارات التفاوض والعقود والتحكيم الدولي /
_c شركة مركز القرار للاستشارات
260 _aالقاهرة:
_bدار الامين طبع توزيع,
_c2002
300 _a117 صفحة؛
_c24 سم
504 _aبيبليوغرافيا : ص.117
520 _aمهارات التفاوض ، العلاقات السلمية للتفاوض، التفاوض-العقود، إستراتيجية المساومة
653 _aالتحكيم الدولي
653 _aالتسوية السلمية للمنازعات الدولية
653 _aالقانون الدولي
653 _aالمفاوضات
700 _aالسيد، عليوة
_eمؤلف ثانوي
942 _cكتاب
999 _c42804
_d42804